Statistics for Bhutan...or Brunei

Click here to take the quiz!

General Stats

  • This quiz has been taken 39 times
  • The average score is 8 of 10

Answer Stats

QuestionAnswer% Correct
Borders IndiaBhutan
97%
Speaks DzongkhaBhutan
94%
Capital City is Bandar Seri BegawanBrunei
94%
Is richer of the twoBrunei
91%
Has a bigger areaBhutan
89%
Has a taller average heightBhutan
74%
Has green on its national flagNeither
69%
Is an absolute monarchyBoth
60%
Has a higher literacy rateBrunei
49%
Has only 1 airportBrunei
43%

Score Distribution

Percentile by Number Answered

Percent of People with Each Score

Your Score History

You have not taken this quiz